00347nam a2200133Ia 45000030006000000080041000060400015000471000041000622450035001032600040001383000006001785460012001840050017001960STCL150530s9999 xx 000 0 und d aSTCLcSTCL aPartha Chatterjee;Pradeep Jeganathan aCommunity, Gender And Violence bPermanent Black; Delhic2005aDelhi a0 aEnglish20220125171457.0